000 00632nam a2200205Ii 4500
001 5359
003 CO-ViMGA
008 241108s9999||||xx |||||||||||||| ||und||
040 _aCO-ViMGA
_bspa
_erda
_cCO-ViMGA
041 0 _aunk
082 0 4 _a822.33-S527m
100 1 _aWilliam Shakespeare
_924497
245 1 0 _aRomeo y Julieta Macbeth
264 1 _a[Lugar de publicación no identificado] : Bedout, [Fecha de publicación no identificada]
300 _avolumen
336 _atext
_btxt
_2rdacontent
337 _aunmediated
_bn
_2rdamedia
338 _avolume
_bnc
_2rdacarrier
940 _aidficha_siabuc: 5216. -- ficha_no_siabuc:5359
999 _c55637
_d55637